FC Barcelona UEFA Champions League Players - Statistics

General Stats
  • This quiz has been taken 168 times
  • The average score is 92 of 242
Answer Stats
La Blaugrana % Correct
Lionel Messi
97%
Andrés Iniesta
93%
Luis Suárez
92%
Marc-André ter Stegen
92%
Neymar
92%
Xavi Hernández
92%
Denis Suárez
90%
Jeffrén Suárez
90%
Pedri
90%
Raphinha
89%
Lamine Yamal
88%
Sergio Busquets
88%
Carles Busquets
87%
Gavi
86%
Gerard Piqué
86%
Robert Lewandowski
86%
Carles Puyol
85%
Ronaldinho
85%
Víctor Valdés
83%
Dani Alves
82%
Frenkie de Jong
82%
Jordi Alba
82%
Ferran Torres
81%
Luuk de Jong
81%
Pedro
78%
Eric García
76%
Jules Koundé
76%
Pablo Torre
76%
Samuel Eto'o
76%
David Villa
75%
Thierry Henry
75%
Alejandro Balde
74%
Alexis Sánchez
73%
Ivan Rakitić
73%
Óscar García
72%
Antoine Griezmann
71%
Dani García
71%
David Sánchez
71%
Roger García
71%
Ronald Araújo
71%
Sergio García
71%
Víctor Sánchez
71%
Gerard Martín
69%
Javier Mascherano
69%
Zlatan Ibrahimović
69%
Eric Abidal
68%
Philippe Coutinho
68%
Fermín López
66%
Luís Figo
66%
Ousmane Dembélé
66%
Pau Cubarsí
66%
Wojciech Szczęsny
66%
Andreas Christensen
65%
Iñigo Martínez
65%
Samuel Umtiti
65%
Sergi Roberto
65%
Dani Olmo
63%
Maxi López
63%
Memphis Depay
63%
Arturo Vidal
62%
Cesc Fàbregas
62%
Gerard López
62%
Rivaldo
62%
Clément Lenglet
61%
Pep Guardiola
61%
Aleix Vidal
60%
Ronald Koeman
58%
Ansu Fati
56%
Iñaki Peña
56%
Deco
55%
Frank de Boer
55%
Iván de la Peña
55%
Ronald de Boer
55%
Yaya Touré
55%
Luis Enrique
54%
İlkay Gündoğan
53%
Jordi Cruijff
53%
Marcos Alonso
53%
Rafinha
53%
Marc Casadó
51%
Paulinho
51%
Patrick Kluivert
50%
Romário
50%
Sergiño Dest
50%
Bojan Krkić
47%
Gianluca Zambrotta
47%
Martin Braithwaite
47%
Hristo Stoichkov
46%
João Cancelo
46%
Thiago Alcântara
46%
João Félix
45%
José Manuel Pinto
45%
Nélson Semedo
44%
Rafael Márquez
44%
André Gomes
43%
Sergio Agüero
43%
Arda Turan
42%
Giovanni van Bronckhorst
42%
Jérémy Mathieu
41%
Thomas Vermaelen
41%
Abelardo Fernández
40%
Rodri
39%
Adama Traoré
38%
Adriano
38%
Andoni Zubizarreta
38%
Arthur Melo
38%
Javier Saviola
38%
Mark van Bommel
38%
Miralem Pjanić
38%
Seydou Keïta
38%
Giovani dos Santos
37%
Henrik Larsson
37%
Jasper Cillessen
37%
Jonathan dos Santos
37%
Lilian Thuram
37%
Maxwell
37%
Michael Laudrup
37%
Alex Song
36%
Héctor Fort
36%
Pau Víctor
36%
Thiago Motta
36%
Neto
34%
Franck Kessié
33%
Gabriel Milito
33%
Juliano Belletti
32%
Nico González
31%
Óscar Mingueza
31%
Ludovic Giuly
30%
Marc Bartra
30%
Marc Overmars
30%
Sergi Barjuán
30%
Aliaksandr Hleb
29%
Eiður Guðjohnsen
29%
Héctor Bellerín
29%
Juan Román Riquelme
29%
Oriol Romeu
29%
Paco Alcácer
29%
Sandro Ramírez
29%
Sylvinho
29%
Malcom
28%
Munir El Haddadi
28%
Riqui Puig
28%
Francisco Trincão
26%
Lucas Digne
26%
Alfonso Pérez
25%
Carles Pérez
25%
José Reina
25%
Junior Firpo
25%
Phillip Cocu
25%
Carles Aleñá
24%
Gheorghe Hagi
24%
Ibrahim Afellay
24%
Oleguer Presas
24%
Andrés Cuenca
23%
Edmílson
23%
Isaac Cuenca
23%
Emmanuel Petit
22%
Martín Montoya
22%
Matheus Fernandes
22%
Marc Guiu
20%
Jari Litmanen
19%
Michael Reiziger
19%
Albert Ferrer
18%
Marlon Santos
18%
Martín Cáceres
18%
Miguel Ángel Nadal
18%
Patrik Andersson
18%
Sonny Anderson
18%
Ilaix Moriba
17%
Yusuf Demir
17%
Boudewijn Zenden
16%
Gabri
16%
Cristian Tello
15%
Gaizka Mendieta
15%
Gerard Deulofeu
15%
Sergi Samper
14%
Vítor Baía
14%
Eusebio
13%
Fernando Couto
13%
Guillermo Amor
13%
Jean-Clair Todibo
13%
Moussa Wagué
13%
Robert Enke
13%
Roberto Bonano
13%
Ruud Hesp
13%
Giovanni
12%
José Mari Bakero
12%
Juan Carlos
12%
Julio Salinas
12%
Simão Sabrosa
12%
Sergi Domínguez
11%
Francesco Coco
10%
José Mari
10%
Txiki Begiristain
10%
Juan Miranda
9%
Konrad de la Fuente
9%
Philippe Christanval
9%
Richard Dutruel
9%
Albert Celades
8%
Andreu Fontàs
8%
Christophe Dugarry
8%
Fábio Rochemback
8%
Jon Andoni Goikoetxea
8%
Marc Muniesa
8%
Winston Bogarde
8%
Frédéric Déhu
7%
Víctor Vázquez
7%
Albert Jorquera
6%
Demetrio Albertini
6%
Geovanni
6%
Gerard Gumbau
6%
Miquel Soler
6%
Álvaro Sanz
5%
Marc Cardona
5%
Richard Witschge
5%
Samuel Okunowo
5%
Carles Planas
4%
Francesc Arnau
4%
Iván Iglesias
4%
Jean Marie Dongou
4%
Juan Cámara
4%
Santiago Ezquerro
4%
Dragan Ćirić
3%
Goran Vučević
3%
Ibán Cuadrado
3%
Juan Antonio Pizzi
3%
Mario Rosas
3%
Monchu
3%
Nano
3%
Quique Estebaranz
3%
Xabier Eskurza
3%
Dani Tortolero
2%
Igor Korneev
2%
Javito
2%
Joan Verdú
2%
Luis Cembranos
2%
Marc Crosas
2%
Roberto Trashorras
2%
Wilfrid Kaptoum
2%
Martí Riverola
1%
Sánchez Jara
1%
Patric
0%
No matching quizzes found
Score Distribution
Percent of People with Each Score
Percentile by Number Answered
Your Score History
You have not taken this quiz